[Event "Florianopolis op 10th"]
[White "De Carvalho, Jose Jorge"]
[Black "Fraga, Heitor Carneiro"]
[Site "Florianopolis"]
[Round "5"]
[Result "1-0"]
[Date "2024.01.23"]
[WhiteElo "2119"]
[BlackElo "1839"]
[PlyCount "107"]
[EventDate "2024.01.20"]
[EventType "swiss"]
[EventRounds "10"]
[EventCountry "BRA"]
[SourceTitle "CBM 218 Extra"]
[Source "ChessBase"]
[SourceDate "2024.03.31"]
[SourceVersion "1"]
[SourceVersionDate "2024.03.31"]
[SourceQuality "1"]

1. d4 Nf6 2. Nc3 d5 3. Bf4 c5 4. e3 cxd4 5. exd4 a6 6. Bd3 Nc6 7. Nge2 g6 8. a3 Bg7 9. Qd2 0-0 10. Bh6 b5 11. h4 Qa5 12. Bxg7 Kxg7 13. h5 Nb4 14. hxg6 Nxd3+ 15. cxd3 fxg6 16. Qh6+ Kf7 17. b4 Qb6 18. f3 Bb7 19. g4 Rh8 20. Qf4 Qd6 21. g5 Qxf4 22. Nxf4 Nd7 23. Kd2 e5 24. Nfe2 Kg7 25. dxe5 Nxe5 26. Nd4 Rae8 27. f4 Nc6 28. Nce2 Rhf8 29. Rac1 Nxd4 30. Nxd4 Rf7 31. Rhf1 h6 32. gxh6+ Kxh6 33. f5 gxf5 34. Nxf5+ Kg5 35. Nd6 Rxf1 36. Rxf1 Re7 37. Nxb7 Rxb7 38. Kc3 d4+ 39. Kxd4 Rd7+ 40. Kc3 Rc7+ 41. Kd2 Rd7 42. Rf8 Rd6 43. Kc3 Rc6+ 44. Kd4 Rd6+ 45. Ke4 Re6+ 46. Kd5 Re3 47. Kd4 Re7 48. Kc5 Re5+ 49. Kb6 Re6+ 50. Ka5 Rd6 51. d4 Rxd4 52. Kxa6 Rd3 53. Kxb5 Rxa3 54. Kb6 1-0

[Event "Florianopolis op 10th"]
[White "Fraga, Heitor Carneiro"]
[Black "Mazzuco Junior, Adir"]
[Site "Florianopolis"]
[Round "4"]
[Result "1-0"]
[Date "2024.01.22"]
[WhiteElo "1839"]
[BlackElo "1479"]
[PlyCount "53"]
[EventDate "2024.01.20"]
[EventType "swiss"]
[EventRounds "10"]
[EventCountry "BRA"]
[SourceTitle "CBM 218 Extra"]
[Source "ChessBase"]
[SourceDate "2024.03.31"]
[SourceVersion "1"]
[SourceVersionDate "2024.03.31"]
[SourceQuality "1"]

1. e4 c6 2. d4 d5 3. Nc3 Nf6 4. e5 Nfd7 5. e6 fxe6 6. Bd3 Nf6 7. Nf3 Qc7 8. Qe2 Nbd7 9. g3 g6 10. Bf4 Qb6 11. 0-0-0 Bg7 12. Qxe6 Nc5 13. dxc5 Bxe6 14. cxb6 axb6 15. Rde1 Bf7 16. Be5 0-0 17. Kb1 b5 18. a3 Ra4 19. Bc7 Raa8 20. Rxe7 d4 21. Nxd4 Nd5 22. Nxd5 Bxd5 23. Ne6 Bxe6 24. Rxe6 Rxf2 25. Bb6 Rf7 26. Rhe1 Rff8 27. Re7 1-0

[Event "Caioba op 7th"]
[White "Calcado, Acyr Rogerio"]
[Black "Fraga, Heitor Carneiro"]
[Site "Caioba"]
[Round "5"]
[Result "1-0"]
[Date "2023.06.21"]
[WhiteElo "2118"]
[BlackElo "1780"]
[PlyCount "115"]
[EventDate "2023.06.18"]
[EventType "swiss"]
[EventRounds "9"]
[EventCountry "BRA"]
[SourceTitle "CBM 214 Extra"]
[Source "ChessBase"]
[SourceDate "2023.07.31"]
[SourceVersion "1"]
[SourceVersionDate "2023.07.31"]
[SourceQuality "1"]

1. e4 c5 2. Nf3 d6 3. d4 cxd4 4. Qxd4 Nc6 5. Bb5 Bd7 6. Bxc6 Bxc6 7. Nc3 Nf6 8. Bg5 e6 9. 0-0-0 Be7 10. Rhe1 0-0 11. Qd2 Qc7 12. Nd4 Rab8 13. f3 Rfd8 14. g4 b5 15. Nce2 Bd7 16. Ng3 Qc4 17. Kb1 Rb6 18. Nh5 Ra6 19. Nb3 Qa4 20. Nc1 Rc8 21. e5 Nd5 22. Bxe7 Nxe7 23. Nf6+ Kh8 24. Re4 b4 25. Rxb4 Qc6 26. exd6 Nd5 27. Nxd5 exd5 28. Rb3 Qxd6 29. Qxd5 Qxd5 30. Rxd5 Be6 31. Rc3 Rb8 32. Rd4 g6 33. Rc7 Rb5 34. b3 Rd5 35. Rxd5 Bxd5 36. g5 Kg7 37. f4 Be4 38. Nd3 Kf8 39. Ne5 Bd5 40. Nd7+ Kg7 41. Nf6 Be6 42. Kb2 h6 43. h4 hxg5 44. hxg5 Kf8 45. Rb7 Ra5 46. Nd7+ Bxd7 47. Rxd7 a6 48. c4 Rf5 49. Rd4 Ke7 50. b4 f6 51. gxf6+ Rxf6 52. c5 Re6 53. a4 Re2+ 54. Kb3 Re3+ 55. Kc4 Ra3 56. c6 Rxa4 57. c7 Ra1 58. Kc5 1-0

[Event "Caioba op 7th"]
[White "Fraga, Heitor Carneiro"]
[Black "Filimberti Uczai, Joao Pedro"]
[Site "Caioba"]
[Round "4"]
[Result "1/2-1/2"]
[Date "2023.06.20"]
[WhiteElo "1780"]
[BlackElo "2136"]
[PlyCount "44"]
[EventDate "2023.06.18"]
[EventType "swiss"]
[EventRounds "9"]
[EventCountry "BRA"]
[SourceTitle "CBM 214 Extra"]
[Source "ChessBase"]
[SourceDate "2023.07.31"]
[SourceVersion "1"]
[SourceVersionDate "2023.07.31"]
[SourceQuality "1"]

1. e4 c5 2. Nf3 e6 3. d4 cxd4 4. Nxd4 Nf6 5. Nc3 Qb6 6. e5 Bc5 7. Ndb5 a6 8. Qf3 axb5 9. exf6 gxf6 10. Bxb5 Nc6 11. Bxc6 bxc6 12. 0-0 Be7 13. Ne4 f5 14. Qc3 Rg8 15. Nf6+ Bxf6 16. Qxf6 Rg6 17. Qh8+ Ke7 18. Qxh7 Bb7 19. Qh4+ Ke8 20. Qh8+ Ke7 21. Qh4+ Ke8 22. Qh8+ Ke7 1/2-1/2

[Event "Curitiba Parana op"]
[White "Gonzalez, Bolivar Ribeiro"]
[Black "Fraga, Heitor Carneiro"]
[Site "Curitiba"]
[Round "2"]
[Result "1-0"]
[Date "2023.04.21"]
[WhiteElo "2193"]
[BlackElo "1716"]
[PlyCount "153"]
[EventDate "2023.04.21"]
[EventType "swiss"]
[EventRounds "6"]
[EventCountry "BRA"]
[SourceTitle "CBM 214 Extra"]
[Source "ChessBase"]
[SourceDate "2023.07.31"]
[SourceVersion "1"]
[SourceVersionDate "2023.07.31"]
[SourceQuality "1"]

1. e4 c5 2. Nf3 d6 3. d4 cxd4 4. Nxd4 Nf6 5. Nc3 g6 6. f4 Nc6 7. Nxc6 bxc6 8. e5 Nd7 9. Qe2 dxe5 10. fxe5 Nb6 11. Qe4 Bg7 12. Bf4 0-0 13. Rd1 Qe8 14. Bd3 Be6 15. 0-0 Qb8 16. Rfe1 Nd5 17. Nxd5 cxd5 18. Qd4 Qc7 19. a4 Rab8 20. b4 Bd7 21. b5 e6 22. Bd2 Rfc8 23. Bb4 Qb6 24. Qxb6 axb6 25. Ra1 Ra8 26. a5 bxa5 27. Rxa5 Rxa5 28. Bxa5 Bf8 29. Kf1 Bc5 30. Bc3 Ra8 31. Ra1 Rxa1+ 32. Bxa1 Kf8 33. Bc3 Bb6 34. Bb4+ Kg7 35. Be7 Bd4 36. Bf6+ Kf8 37. Ke2 Ke8 38. Kd2 Bc8 39. c3 Bc5 40. Kc2 Kd7 41. Kb3 Bb7 42. Bh4 Kc7 43. g4 h6 44. Bf6 Bc8 45. h4 Bd7 46. h5 gxh5 47. gxh5 Be8 48. Ka4 Kb7 49. Ka5 Bb6+ 50. Kb4 Be3 51. Be7 Kb6 52. Bd8+ Kb7 53. c4 dxc4 54. Kxc4 Bb6 55. Be4+ Ka7 56. Be7 f5 57. Bf3 Kb8 58. Bd6+ Kc8 59. Bc5 Kc7 60. Bf8 Be3 61. Bc5 Bxc5 62. Kxc5 Bd7 63. b6+ Kb8 64. Kd6 Bc8 65. Ke7 Bb7 66. Be2 Be4 67. Ba6 f4 68. Kf6 f3 69. Kg7 f2 70. Kxh6 Bg2 71. Kg7 f1Q 72. Bxf1 Bxf1 73. h6 Bd3 74. h7 Bxh7 75. Kxh7 Kb7 76. Kg6 Kxb6 77. Kf6 1-0

[Event "Florianopolis op 9th"]
[White "Fraga, Heitor Carneiro"]
[Black "De Souza, Regis Gabetta"]
[Site "Florianopolis"]
[Round "5"]
[Result "0-1"]
[Date "2023.01.26"]
[WhiteElo "1556"]
[BlackElo "2221"]
[PlyCount "82"]
[EventDate "2023.01.23"]
[EventType "swiss"]
[EventRounds "10"]
[EventCountry "BRA"]
[SourceTitle "CBM 212 Extra"]
[Source "ChessBase"]
[SourceDate "2023.03.31"]
[SourceVersion "1"]
[SourceVersionDate "2023.03.31"]
[SourceQuality "1"]

1. e4 e5 2. Nf3 Nc6 3. Bb5 g6 4. 0-0 Bg7 5. c3 a6 6. Ba4 b5 7. Bb3 Nge7 8. d4 exd4 9. cxd4 d6 10. h3 0-0 11. Re1 Na5 12. Bd2 c5 13. Bg5 Nxb3 14. axb3 Qc7 15. Nc3 Bb7 16. e5 dxe5 17. dxe5 Nf5 18. Nd5 Qc6 19. Ne7+ Nxe7 20. Bxe7 Rfe8 21. Qd6 Qc8 22. e6 Bxf3 23. exf7+ Kxf7 24. gxf3 Qf5 25. Re4 Kg8 26. Qxc5 Qxf3 27. Qd5+ Qf7 28. Qxf7+ Kxf7 29. Rae1 Bxb2 30. R1e2 Bf6 31. Bxf6 Rxe4 32. Rxe4 Kxf6 33. Kf1 a5 34. Re3 Rc8 35. Ke2 Rc2+ 36. Kf3 Ra2 37. b4 a4 38. Rd3 Rb2 39. Rd4 a3 40. Rd3 a2 41. Ra3 Rb3+ 0-1

[Event "Florianopolis op 9th"]
[White "Oviedo Acosta, Paula"]
[Black "Fraga, Heitor Carneiro"]
[Site "Florianopolis"]
[Round "4"]
[Result "0-1"]
[Date "2023.01.25"]
[WhiteElo "1836"]
[BlackElo "1556"]
[PlyCount "78"]
[EventDate "2023.01.23"]
[EventType "swiss"]
[EventRounds "10"]
[EventCountry "BRA"]
[SourceTitle "CBM 212 Extra"]
[Source "ChessBase"]
[SourceDate "2023.03.31"]
[SourceVersion "1"]
[SourceVersionDate "2023.03.31"]
[SourceQuality "1"]

1. e4 c5 2. Nf3 d6 3. d4 cxd4 4. Nxd4 Nf6 5. Nc3 g6 6. Be3 Bg7 7. f3 0-0 8. Qd2 Nc6 9. Bc4 Bd7 10. 0-0-0 Rc8 11. Bb3 Nxd4 12. Bxd4 b5 13. Nd5 Nxd5 14. Bxg7 Kxg7 15. Qxd5 Kg8 16. Qd4 a5 17. a4 bxa4 18. Bxa4 Be6 19. Qe3 Qc7 20. Rd4 Rb8 21. Qa3 Rb6 22. Rd3 Rfb8 23. Rc3 Qa7 24. b3 Rb4 25. Rf1 Qd4 26. Rd3 Qe5 27. g3 Bc4 28. Rfd1 Bxd3 29. Rxd3 Qc5 30. Bd7 R8b7 31. Bg4 Qg1+ 32. Kb2 a4 33. f4 Qxh2 34. Kc1 Qg1+ 35. Bd1 axb3 36. cxb3 Qc5+ 37. Kd2 Ra7 38. Qb2 Qf2+ 39. Be2 Rxe4 0-1

[Event "Florianopolis op 9th"]
[White "Fraga, Heitor Carneiro"]
[Black "Karoly, Carlos Acacio Gomes"]
[Site "Florianopolis"]
[Round "3"]
[Result "1/2-1/2"]
[Date "2023.01.24"]
[WhiteElo "1556"]
[BlackElo "1877"]
[PlyCount "57"]
[EventDate "2023.01.23"]
[EventType "swiss"]
[EventRounds "10"]
[EventCountry "BRA"]
[SourceTitle "CBM 212 Extra"]
[Source "ChessBase"]
[SourceDate "2023.03.31"]
[SourceVersion "1"]
[SourceVersionDate "2023.03.31"]
[SourceQuality "1"]

1. e4 c5 2. Nf3 Nc6 3. Bb5 g6 4. 0-0 Bg7 5. Bxc6 dxc6 6. d3 Bg4 7. h3 Bxf3 8. Qxf3 Nf6 9. c3 Nd7 10. Rd1 e5 11. Be3 0-0 12. Nd2 Qe7 13. Nb3 Rfe8 14. Qg3 b6 15. Bg5 Qe6 16. h4 h5 17. Nd2 Nf6 18. Nc4 Nh7 19. f4 Nxg5 20. fxg5 Rad8 21. a4 Rd7 22. Rd2 Red8 23. Rad1 Qe7 24. Qf3 Qe6 25. Ne3 Rd6 26. Kh1 R6d7 27. g4 hxg4 28. Nxg4 c4 29. Nf2 1/2-1/2

[Event "Parana-ch"]
[White "Ramos, Beny Irwing Pankiew"]
[Black "Fraga, Heitor Carneiro"]
[Site "Curitiba"]
[Round "2"]
[Result "1-0"]
[Date "2018.11.23"]
[WhiteElo "1655"]
[BlackElo "1773"]
[PlyCount "81"]
[EventDate "2018.11.22"]
[EventType "swiss"]
[EventRounds "7"]
[EventCountry "BRA"]
[SourceTitle "CBM 187 Extra"]
[Source "ChessBase"]
[SourceDate "2018.11.04"]
[SourceVersion "1"]
[SourceVersionDate "2018.11.04"]
[SourceQuality "1"]

1. c4 Nf6 2. Nf3 g6 3. d4 Bg7 4. Nc3 0-0 5. e4 d6 6. Be2 e5 7. d5 a5 8. Be3 Nbd7 9. 0-0 Nc5 10. Qc2 Ng4 11. Bxc5 dxc5 12. h3 Nh6 13. Qd2 Re8 14. Na4 b6 15. Nc3 f5 16. Rad1 Bb7 17. Nh2 Qd7 18. f3 Rad8 19. Rde1 Nf7 20. Bd1 Nd6 21. Ba4 Nxc4 22. Qe2 c6 23. Qxc4 b5 24. dxc6+ Qf7 25. Qxf7+ Kxf7 26. Bxb5 Bxc6 27. Bxc6 Rf8 28. Rd1 Rb8 29. b3 Rbc8 30. Bd5+ Ke8 31. Bc4 Rd8 32. Nd5 fxe4 33. fxe4 Rxf1+ 34. Rxf1 Rc8 35. Ng4 h5 36. Ngf6+ Kf8 37. Nxh5+ Ke8 38. Nxg7+ Kd8 39. Bb5 Rc6 40. Bxc6 g5 41. Rf8# 1-0